000 00421nam a2200181Ia 4500
001 11696
005 20260306162847.0
008 260306t1989||||xx |||||||||||||| ||spa||
041 _aESP
082 _a989.2
_bG22
100 _aGarcía Lupo, Rogelio
_eAUT
245 0 _aParaguay de Stroessner
260 _c1989
300 _a241 páginas :
_c24 cm.
650 _aGEN
654 _aCHU
942 _cLIB
_dJUS
_fJUS
_2ddc
_n
999 _c11696
_d11696